[Event "Turkish Women-ch Arzum 2022"]
[Site "Ayvalik"]
[Date "2022.03.09"]
[Round "6.14"]
[White "Keskinler, Ela"]
[Black "Kayis, Gulcan Sena"]
[Result "0-1"]
[WhiteElo "1400"]
[BlackElo "1597"]
[Annotator "NA RC"]
[PlyCount "50"]
[EventDate "2022.03.04"]
[EventType "swiss"]
[EventCountry "TUR"]
[SourceTitle "playchess.com"]
[Source "ChessBase"]
[SourceQuality "1"]
[TimeControl "5400+30"]

1. e4 c6 2. Nc3 d5 3. d4 Nf6 4. exd5 cxd5 {[%emt 0:05:30]} 5. Nf3 {[%emt 0:07:00]} Nc6 {[%emt 0:03:30]} 6. h3 {[%emt 0:00:30]} Bf5 {[%emt 0:02:30]} 7. Be3 {[%emt 0:04:30]} e6 {[%emt 0:03:30]} 8. Qd2 {[%emt 0:01:30]} Qb6 {[%emt 0:09:30]} 9. Na4 {[%emt 0:05:30]} Qb4 {[%emt 0:05:30]} 10. b3 {[%emt 0:07:30]} Bxc2 {[%emt 0:02:30]} 11. Qxb4 {[%emt 0:01:30]} Bxb4+ {[%emt 0:00:30]} 12. Bd2 {[%emt 0:00:30]} O-O {[%emt 0:04:30]} 13. Rc1 {[%emt 0:02:30]} Be4 {[%emt 0:09:30]} 14. Bxb4 {[%emt 0:08:30]} Nxb4 {[%emt 0:00:30]} 15. Nc3 {[%emt 0:01:30]} Rac8 {[%emt 0:03:30]} 16. Kd2 {[%emt 0:00:30]} Bg6 {[%emt 0:02:30]} 17. a3 {[%emt 0:03:30]} Rxc3 {[%emt 0:02:30]} 18. Kxc3 {[%emt 0:01:30]} Na2+ {[%emt 0:00:30]} 19. Kb2 {[%emt 0:00:30]} Nxc1 {[%emt 0:00:00]} 20. Kxc1 {[%emt 0:00:00]} Rc8+ {[%emt 0:00:00]} 21. Kb2 {[%emt 0:03:00]} Rc2+ {[%emt 0:00:30]} 22. Ka1 {[%emt 0:01:30]} Rxf2 {[%emt 0:01:30]} 23. Rg1 {[%emt 0:04:30]} Ne4 {[%emt 0:00:30]} 24. Kb1 {[%emt 0:14:30]} Nc3+ {[%emt 0:00:30]} 25. Kc1 {[%emt 0:00:00]} Rc2# {[%emt 0:00:00]} 0-1

[Event "Turkish Women-ch Arzum 2022"]
[Site "Ayvalik"]
[Date "2022.03.09"]
[Round "6.15"]
[White "Ozer, Melike Busra"]
[Black "Karatiken, Seray"]
[Result "0-1"]
[WhiteElo "1300"]
[BlackElo "1717"]
[Annotator "NA RC"]
[PlyCount "112"]
[EventDate "2022.03.04"]
[EventType "swiss"]
[EventCountry "TUR"]
[SourceTitle "playchess.com"]
[Source "ChessBase"]
[SourceQuality "1"]
[TimeControl "5400+30"]

1. e4 c5 2. Nf3 e6 3. d4 cxd4 4. Nxd4 Nc6 5. c4 Nf6 6. Nc3 Bb4 {[%emt 0:05:30]} 7. Nxc6 {[%emt 0:06:00]} bxc6 {[%emt 0:00:00]} 8. Bd3 {[%emt 0:00:30]} e5 {[%emt 0:00:00]} 9. O-O {[%emt 0:01:30]} Bc5 {[%emt 0:00:30]} 10. Bg5 {[%emt 0:02:30]} h6 {[%emt 0:01:30]} 11. Bh4 {[%emt 0:02:30]} d6 {[%emt 0:00:30]} 12. a3 {[%emt 0:02:30]} a5 {[%emt 0:01:30]} 13. Kh1 {[%emt 0:01:30]} O-O {[%emt 0:00:30]} 14. Qd2 {[%emt 0:03:30]} Be6 {[%emt 0:12:30]} 15. f4 {[%emt 0:05:30]} Nxe4 {[%emt 0:05:30]} 16. Qe1 {[%emt 0:10:30]} Ng5 {[%emt 0:29:30]} 17. fxg5 {[%emt 0:06:30]} hxg5 {[%emt 0:00:30]} 18. Bf2 {[%emt 0:00:30]} Bxf2 {[%emt 0:00:30]} 19. Rxf2 {[%emt 0:01:30]} f5 {[%emt 0:00:30]} 20. Rd1 {[%emt 0:03:30]} e4 {[%emt 0:03:30]} 21. Rfd2 {[%emt 0:00:30]} Ra7 {[%emt 0:05:30]} 22. Bf1 {[%emt 0:12:30]} Rd7 {[%emt 0:01:30]} 23. b4 {[%emt 0:00:30]} d5 {[%emt 0:03:30]} 24. cxd5 {[%emt 0:02:30]} cxd5 {[%emt 0:01:30]} 25. Nxd5 {[%emt 0:01:30]} Rxd5 {[%emt 0:05:30]} 26. Bc4 {[%emt 0:00:30]} Rxd2 {[%emt 0:01:30]} 27. Bxe6+ {[%emt 0:00:30]} Kh7 {[%emt 0:00:30]} 28. Qxd2 {[%emt 0:06:30]} Qf6 {[%emt 0:01:30]} 29. Bd5 {[%emt 0:00:30]} axb4 {[%emt 0:01:30]} 30. axb4 {[%emt 0:00:30]} Re8 {[%emt 0:01:38]} 31. Qe3 {[%emt 0:07:30]} Rd8 {[%emt 0:02:45]} 32. Qe1 {[%emt 0:01:30]} Qe5 {[%emt 0:01:38]} 33. Bc6 {[%emt 0:00:30]} Rf8 {[%emt 0:02:32]} 34. b5 {[%emt 0:01:30]} e3 {[%emt 0:00:50]} 35. Qe2 {[%emt 0:00:30]} Kg6 {[%emt 0:03:09]} 36. g3 {[%emt 0:02:30]} Rh8 {[%emt 0:01:32]} 37. Kg2 {[%emt 0:00:30]} f4 {[%emt 0:03:35]} 38. Qd3+ {[%emt 0:01:58]} Kh5 {[%emt 0:03:34]} 39. Re1 {[%emt 0:07:59]} Qb2+ {[%emt 0:02:45]} 40. Re2 {[%emt 0:00:15]} Qf6 {[%emt 0:00:02]} 41. Qe4 {[%emt 0:03:37]} Kh6 {[%emt 0:00:37]} 42. Kf3 {[%emt 0:04:45]} g4+ {[%emt 0:00:39]} 43. Kxg4 {[%emt 0:01:10]} Qg5+ {[%emt 0:00:17]} 44. Kf3 {[%emt 0:00:31]} Qh5+ {[%emt 0:00:43]} 45. g4 {[%emt 0:00:40]} Qh3+ {[%emt 0:00:53]} 46. Kxf4 {[%emt 0:00:04]} Rf8+ {[%emt 0:00:49]} 47. Ke5 {[%emt 0:00:36]} Qf1 {[%emt 0:00:26]} 48. Qxe3+ {[%emt 0:00:08]} Kh7 {[%emt 0:00:25]} 49. Be4+ {[%emt 0:00:30]} Kh8 {[%emt 0:00:03]} 50. Kd4 {[%emt 0:02:55]} Rd8+ {[%emt 0:00:22]} 51. Kc5 {[%emt 0:00:24]} Qf8+ {[%emt 0:00:22]} 52. Kc4 {[%emt 0:00:23]} Qf7+ {[%emt 0:00:24]} 53. Kb4 {[%emt 0:00:19]} Qe7+ {[%emt 0:00:10]} 54. Qc5 {[%emt 0:00:06]} Rd4+ {[%emt 0:00:30]} 55. Ka5 {[%emt 0:00:46]} Qxc5 {[%emt 0:00:00]} 56. Bc6 {[%emt 0:00:29]} Qa7# {[%emt 0:00:00]} 0-1

[Event "Turkish Women-ch Arzum 2022"]
[Site "Ayvalik"]
[Date "2022.03.09"]
[Round "6.16"]
[White "Gonultas, Bakriya Anastasiya"]
[Black "Kipik, Feyza"]
[Result "0-1"]
[WhiteElo "1232"]
[BlackElo "1603"]
[Annotator "NA RC"]
[PlyCount "88"]
[EventDate "2022.03.04"]
[EventType "swiss"]
[EventCountry "TUR"]
[SourceTitle "playchess.com"]
[Source "ChessBase"]
[SourceQuality "1"]
[TimeControl "5400+30"]

1. e4 c5 2. Bc4 Nc6 3. Nf3 g6 4. Ng5 Ne5 5. Be2 {[%emt 0:04:00]} Bg7 {[%emt 0:07:00]} 6. O-O {[%emt 0:00:30]} h6 {[%emt 0:07:30]} 7. Nh3 {[%emt 0:06:30]} d6 {[%emt 0:08:30]} 8. f4 {[%emt 0:00:30]} Nc6 {[%emt 0:01:30]} 9. Nf2 {[%emt 0:03:30]} Nf6 {[%emt 0:02:30]} 10. Nc3 {[%emt 0:01:30]} b6 {[%emt 0:04:30]} 11. d3 {[%emt 0:07:30]} Bb7 {[%emt 0:01:30]} 12. Bf3 {[%emt 0:00:30]} Nd4 {[%emt 0:06:30]} 13. Be3 {[%emt 0:03:30]} Nxf3+ {[%emt 0:01:30]} 14. Qxf3 {[%emt 0:00:30]} d5 {[%emt 0:01:30]} 15. e5 {[%emt 0:04:30]} Nh7 {[%emt 0:04:30]} 16. Bd2 {[%emt 0:00:30]} Qd7 {[%emt 0:01:30]} 17. Qg3 {[%emt 0:02:30]} O-O-O {[%emt 0:04:30]} 18. a4 {[%emt 0:00:30]} g5 {[%emt 0:02:30]} 19. a5 {[%emt 0:05:30]} b5 {[%emt 0:01:30]} 20. a6 {[%emt 0:01:30]} Bc6 {[%emt 0:00:30]} 21. b4 {[%emt 0:01:30]} Rdg8 {[%emt 0:02:30]} 22. bxc5 {[%emt 0:01:30]} gxf4 {[%emt 0:01:30]} 23. Qxf4 {[%emt 0:00:00]} Ng5 {[%emt 0:03:30]} 24. Rae1 {[%emt 0:03:00]} d4 {[%emt 0:03:30]} 25. Nce4 {[%emt 0:01:30]} Bxe5 {[%emt 0:01:30]} 26. Qg4 {[%emt 0:01:30]} f5 {[%emt 0:02:30]} 27. Qd1 {[%emt 0:05:30]} fxe4 {[%emt 0:01:30]} 28. Bxg5 {[%emt 0:07:30]} Rxg5 {[%emt 0:04:30]} 29. dxe4 {[%emt 0:00:30]} Rhg8 {[%emt 0:01:30]} 30. g3 {[%emt 0:03:30]} Qc7 {[%emt 0:04:30]} 31. Nh3 {[%emt 0:10:30]} R5g7 {[%emt 0:01:30]} 32. Rf3 {[%emt 0:07:08]} h5 {[%emt 0:05:03]} 33. Ref1 {[%emt 0:02:15]} Qd7 {[%emt 0:02:13]} 34. Rf8+ {[%emt 0:03:23]} Kc7 {[%emt 0:00:15]} 35. Qd2 {[%emt 0:01:52]} Qxh3 {[%emt 0:05:40]} 36. Qa5+ {[%emt 0:01:26]} Kd7 {[%emt 0:00:07]} 37. Qd8+ {[%emt 0:00:34]} Ke6 {[%emt 0:00:05]} 38. Rxg8 {[%emt 0:06:26]} Bxg3 {[%emt 0:03:00]} 39. Rf6+ {[%emt 0:01:54]} Kxf6 {[%emt 0:01:11]} 40. Qf8+ {[%emt 0:00:34]} Ke6 {[%emt 0:01:13]} 41. Rxg7 {[%emt 0:02:01]} Qxh2+ {[%emt 0:00:06]} 42. Kf1 {[%emt 0:00:38]} Qh1+ {[%emt 0:00:30]} 43. Ke2 {[%emt 0:00:30]} Qxe4+ {[%emt 0:00:00]} 44. Kf1 {[%emt 0:00:37]} Qe1# {[%emt 0:00:00]} 0-1

[Event "Turkish Women-ch Arzum 2022"]
[Site "Ayvalik"]
[Date "2022.03.09"]
[Round "6.17"]
[White "Dal, Nurseda"]
[Black "Salt, Ilayda"]
[Result "0-1"]
[WhiteElo "1116"]
[BlackElo "1594"]
[Annotator "NA RC"]
[PlyCount "38"]
[EventDate "2022.03.04"]
[EventType "swiss"]
[EventCountry "TUR"]
[SourceTitle "playchess.com"]
[Source "ChessBase"]
[SourceQuality "1"]
[TimeControl "5400+30"]

1. e4 c5 2. c3 Nc6 3. Nf3 g6 4. d4 cxd4 5. cxd4 Bg7 6. Nc3 d6 {[%emt 0:02:30]} 7. Bb5 {[%emt 0:10:00]} Bd7 {[%emt 0:01:30]} 8. O-O {[%emt 0:00:30]} Nf6 {[%emt 0:01:30]} 9. Bxc6 {[%emt 0:02:30]} Bxc6 {[%emt 0:00:30]} 10. d5 {[%emt 0:01:30]} Bd7 {[%emt 0:00:30]} 11. h3 {[%emt 0:00:30]} O-O {[%emt 0:00:30]} 12. Bf4 {[%emt 0:02:30]} b5 {[%emt 0:03:30]} 13. Nd4 {[%emt 0:01:30]} b4 {[%emt 0:01:30]} 14. Nce2 {[%emt 0:03:30]} Nxe4 {[%emt 0:00:30]} 15. Rb1 {[%emt 0:12:30]} a5 {[%emt 0:02:30]} 16. Bh2 {[%emt 0:00:30]} Qb6 {[%emt 0:00:30]} 17. Qd3 {[%emt 0:01:30]} Nf6 {[%emt 0:00:30]} 18. Qf3 {[%emt 0:02:30]} Rac8 {[%emt 0:01:30]} 19. Rfd1 {[%emt 0:02:30]} Bb5 {[%emt 0:04:30]} 0-1

[Event "Turkish Women-ch Arzum 2022"]
[Site "Ayvalik"]
[Date "2022.03.09"]
[Round "6.18"]
[White "Karatiken, Beray"]
[Black "Gur, Tuba"]
[Result "1-0"]
[WhiteElo "1380"]
[BlackElo "1750"]
[Annotator "NA RC"]
[PlyCount "49"]
[EventDate "2022.03.04"]
[EventType "swiss"]
[EventCountry "TUR"]
[SourceTitle "playchess.com"]
[Source "ChessBase"]
[SourceQuality "1"]
[TimeControl "5400+30"]

1. e4 c5 2. d3 Nc6 3. Be3 d6 4. Nc3 g6 5. g3 Bg7 6. Bg2 Nd4 7. Qd2 {[%emt 0:07:00]} Nf6 {[%emt 0:09:00]} 8. h3 {[%emt 0:03:30]} e5 {[%emt 0:04:30]} 9. Nce2 {[%emt 0:06:30]} O-O {[%emt 0:15:30]} 10. Nxd4 {[%emt 0:04:30]} cxd4 {[%emt 0:00:00]} 11. Bh6 {[%emt 0:00:00]} Be6 {[%emt 0:04:00]} 12. g4 {[%emt 0:04:00]} Qb6 {[%emt 0:10:30]} 13. b3 {[%emt 0:02:30]} Rac8 {[%emt 0:04:30]} 14. Bxg7 {[%emt 0:03:30]} Kxg7 {[%emt 0:00:30]} 15. Ne2 {[%emt 0:00:30]} Rc7 {[%emt 0:01:30]} 16. f4 {[%emt 0:00:30]} exf4 {[%emt 0:03:30]} 17. Nxf4 {[%emt 0:00:30]} Rfc8 {[%emt 0:00:30]} 18. Nxe6+ {[%emt 0:01:30]} fxe6 {[%emt 0:00:30]} 19. Rc1 {[%emt 0:00:30]} Nd7 {[%emt 0:06:30]} 20. O-O {[%emt 0:02:30]} Ne5 {[%emt 0:00:30]} 21. Qg5 {[%emt 0:01:30]} Re8 {[%emt 0:04:30]} 22. Rf2 {[%emt 0:05:30]} Nxd3 {[%emt 0:00:00]} 23. cxd3 {[%emt 0:01:30]} Rxc1+ {[%emt 0:04:00]} 24. Qxc1 {[%emt 0:00:30]} h6 {[%emt 0:00:30]} 25. Qf4 {[%emt 0:00:30]} 1-0

[Event "Turkish Women-ch Arzum 2022"]
[Site "Ayvalik"]
[Date "2022.03.09"]
[Round "6.19"]
[White "Alagoz, Zumra Meryem"]
[Black "Bursali, Ela"]
[Result "1-0"]
[WhiteElo "1573"]
[BlackElo "1353"]
[Annotator "NA RC"]
[PlyCount "93"]
[EventDate "2022.03.04"]
[EventType "swiss"]
[EventCountry "TUR"]
[SourceTitle "playchess.com"]
[Source "ChessBase"]
[SourceQuality "1"]
[TimeControl "5400+30"]

1. d4 d5 2. c4 c6 3. Nf3 dxc4 4. g3 Bf5 {[%emt 0:06:30]} 5. Nc3 {[%emt 0:04:00]} Nf6 {[%emt 0:00:30]} 6. Bg2 {[%emt 0:02:30]} Nbd7 {[%emt 0:05:30]} 7. a4 {[%emt 0:02:30]} e6 {[%emt 0:01:30]} 8. O-O {[%emt 0:02:30]} Bb4 {[%emt 0:02:30]} 9. Nd2 {[%emt 0:02:30]} Nb6 {[%emt 0:22:30]} 10. Nde4 {[%emt 0:20:30]} Nxe4 {[%emt 0:01:30]} 11. Nxe4 {[%emt 0:01:30]} O-O {[%emt 0:06:30]} 12. Nc3 {[%emt 0:22:30]} Bg6 {[%emt 0:06:30]} 13. e4 {[%emt 0:03:30]} f6 {[%emt 0:03:30]} 14. Be3 {[%emt 0:14:30]} Rc8 {[%emt 0:03:30]} 15. Qe2 {[%emt 0:02:59]} c5 {[%emt 0:00:30]} 16. Rfd1 {[%emt 0:01:10]} cxd4 {[%emt 0:01:30]} 17. Bxd4 {[%emt 0:00:13]} Qe7 {[%emt 0:00:30]} 18. Nb5 {[%emt 0:03:16]} Bc5 {[%emt 0:03:30]} 19. a5 {[%emt 0:03:27]} Bxd4 {[%emt 0:05:30]} 20. Nxd4 {[%emt 0:02:04]} Nd7 {[%emt 0:00:30]} 21. Nb5 {[%emt 0:01:38]} a6 {[%emt 0:01:30]} 22. Nd6 {[%emt 0:00:20]} Rc7 {[%emt 0:02:30]} 23. Nxc4 {[%emt 0:00:34]} Qc5 {[%emt 0:01:30]} 24. Bf1 {[%emt 0:02:29]} Bh5 {[%emt 0:01:30]} 25. g4 {[%emt 0:00:05]} Qg5 {[%emt 0:00:30]} 26. h3 {[%emt 0:00:56]} Bf7 {[%emt 0:01:30]} 27. Qe3 {[%emt 0:00:57]} Qxe3 {[%emt 0:01:30]} 28. Nxe3 {[%emt 0:00:04]} Nc5 {[%emt 0:00:00]} 29. Rac1 {[%emt 0:00:51]} Rfc8 {[%emt 0:00:00]} 30. b4 {[%emt 0:00:39]} Nd7 {[%emt 0:00:30]} 31. Rxc7 {[%emt 0:01:03]} Rxc7 {[%emt 0:00:30]} 32. f4 {[%emt 0:00:52]} Kf8 {[%emt 0:00:30]} 33. Kf2 {[%emt 0:02:29]} Ke7 {[%emt 0:00:30]} 34. Bc4 {[%emt 0:00:50]} Nb8 {[%emt 0:05:14]} 35. f5 {[%emt 0:02:02]} e5 {[%emt 0:02:04]} 36. Bxf7 {[%emt 0:00:30]} Kxf7 {[%emt 0:00:00]} 37. Rd2 {[%emt 0:01:15]} Nc6 {[%emt 0:02:11]} 38. Nd5 {[%emt 0:01:17]} Rd7 {[%emt 0:00:25]} 39. Rc2 {[%emt 0:00:13]} Rd8 {[%emt 0:02:08]} 40. Rc5 {[%emt 0:00:29]} Ra8 {[%emt 0:01:46]} 41. Ke3 {[%emt 0:00:45]} Rd8 {[%emt 0:00:55]} 42. b5 {[%emt 0:00:46]} axb5 {[%emt 0:00:18]} 43. Rxb5 {[%emt 0:00:26]} Rd7 {[%emt 0:00:15]} 44. Rc5 {[%emt 0:00:07]} Ke8 {[%emt 0:02:16]} 45. a6 {[%emt 0:00:37]} Ne7 {[%emt 0:04:58]} 46. a7 {[%emt 0:00:23]} Rd8 {[%emt 0:00:20]} 47. Nc7+ {[%emt 0:00:16]} 1-0

[Event "Turkish Women-ch Arzum 2022"]
[Site "Ayvalik"]
[Date "2022.03.09"]
[Round "6.20"]
[White "Gedik, Eylul Ceren"]
[Black "Alev, Gonulden Seda"]
[Result "1-0"]
[WhiteElo "1282"]
[BlackElo "1561"]
[Annotator "NA RC"]
[PlyCount "55"]
[EventDate "2022.03.04"]
[EventType "swiss"]
[EventCountry "TUR"]
[SourceTitle "playchess.com"]
[Source "ChessBase"]
[SourceQuality "1"]
[TimeControl "5400+30"]

1. e4 c5 2. Nf3 d6 3. d4 cxd4 4. Nxd4 Nf6 5. Nc3 a6 6. Bg5 e5 7. Nf5 Bxf5 8. exf5 Be7 9. g4 {[%emt 0:07:00]} Nc6 {[%emt 0:04:00]} 10. Bg2 {[%emt 0:01:30]} h6 {[%emt 0:04:30]} 11. Bxf6 {[%emt 0:10:30]} Bxf6 {[%emt 0:00:30]} 12. O-O {[%emt 0:02:30]} O-O {[%emt 0:06:30]} 13. Nd5 {[%emt 0:01:30]} Bh4 {[%emt 0:02:30]} 14. Qe2 {[%emt 0:05:30]} Nd4 {[%emt 0:02:30]} 15. Qd3 {[%emt 0:00:00]} Rc8 {[%emt 0:03:30]} 16. c3 {[%emt 0:02:00]} Nc6 {[%emt 0:00:30]} 17. Rad1 {[%emt 0:01:30]} Qg5 {[%emt 0:03:30]} 18. h3 {[%emt 0:09:30]} Rcd8 {[%emt 0:03:30]} 19. Rfe1 {[%emt 0:09:30]} Nb8 {[%emt 0:07:30]} 20. f6 {[%emt 0:10:30]} gxf6 {[%emt 0:05:30]} 21. Ne7+ {[%emt 0:01:30]} Kh8 {[%emt 0:01:30]} 22. Nf5 {[%emt 0:01:30]} h5 {[%emt 0:03:30]} 23. Nxd6 {[%emt 0:00:00]} f5 {[%emt 0:02:30]} 24. Rxe5 {[%emt 0:03:00]} Bxf2+ {[%emt 0:04:30]} 25. Kh1 {[%emt 0:04:30]} Qg6 {[%emt 0:26:48]} 26. Rxf5 {[%emt 0:02:30]} Bb6 {[%emt 0:01:23]} 27. Rxh5+ {[%emt 0:01:30]} Kg8 {[%emt 0:01:09]} 28. Be4 {[%emt 0:02:30]} 1-0

[Event "Turkish Women-ch Arzum 2022"]
[Site "Ayvalik"]
[Date "2022.03.09"]
[Round "6.21"]
[White "Tanir, Simay"]
[Black "Susin, Derya Defne"]
[Result "1-0"]
[WhiteElo "1510"]
[BlackElo "1285"]
[Annotator "NA RC"]
[PlyCount "101"]
[EventDate "2022.03.04"]
[EventType "swiss"]
[EventCountry "TUR"]
[SourceTitle "playchess.com"]
[Source "ChessBase"]
[SourceQuality "1"]
[TimeControl "5400+30"]

1. d4 Nf6 2. c4 e6 3. Nc3 Bb4 4. e3 O-O 5. Nge2 d5 6. a3 Be7 7. Ng3 {[%emt 0:06:00]} a6 {[%emt 0:09:00]} 8. cxd5 {[%emt 0:05:30]} exd5 {[%emt 0:03:30]} 9. Bd3 {[%emt 0:02:30]} Re8 {[%emt 0:04:30]} 10. O-O {[%emt 0:03:30]} Nbd7 {[%emt 0:04:30]} 11. f3 {[%emt 0:11:30]} Nf8 {[%emt 0:07:30]} 12. Bc2 {[%emt 0:03:30]} c5 {[%emt 0:05:30]} 13. Nce2 {[%emt 0:08:30]} Ng6 {[%emt 0:06:30]} 14. dxc5 {[%emt 0:06:30]} Bxc5 {[%emt 0:01:30]} 15. Nd4 {[%emt 0:00:30]} Ne5 {[%emt 0:05:30]} 16. b3 {[%emt 0:02:30]} Be6 {[%emt 0:00:00]} 17. Bb2 {[%emt 0:04:30]} Rc8 {[%emt 0:16:00]} 18. Nxe6 {[%emt 0:12:30]} Rxe6 {[%emt 0:11:30]} 19. Bf5 {[%emt 0:02:30]} Bxe3+ {[%emt 0:00:30]} 20. Kh1 {[%emt 0:00:00]} d4 {[%emt 0:01:30]} 21. Bxe6 {[%emt 0:03:00]} fxe6 {[%emt 0:00:30]} 22. Re1 {[%emt 0:00:30]} Ng6 {[%emt 0:07:34]} 23. Nf1 {[%emt 0:01:30]} Nd5 {[%emt 0:07:56]} 24. Nxe3 {[%emt 0:06:30]} Nxe3 {[%emt 0:03:40]} 25. Qxd4 {[%emt 0:01:30]} Qxd4 {[%emt 0:02:15]} 26. Bxd4 {[%emt 0:00:00]} Nf5 {[%emt 0:01:07]} 27. Bf2 {[%emt 0:02:09]} Rc2 {[%emt 0:01:05]} 28. Kg1 {[%emt 0:00:32]} Nf4 {[%emt 0:00:28]} 29. Kf1 {[%emt 0:02:50]} Ne7 {[%emt 0:01:52]} 30. g3 {[%emt 0:01:28]} Nh3 {[%emt 0:00:28]} 31. Re2 {[%emt 0:00:11]} Rc3 {[%emt 0:00:24]} 32. Rxe6 {[%emt 0:01:16]} Nf5 {[%emt 0:01:02]} 33. g4 {[%emt 0:01:57]} Rxf3 {[%emt 0:00:32]} 34. gxf5 {[%emt 0:01:17]} Rxf2+ {[%emt 0:00:30]} 35. Ke1 {[%emt 0:00:00]} Rxh2 {[%emt 0:00:00]} 36. Rd1 {[%emt 0:00:43]} Nf4 {[%emt 0:00:43]} 37. Rd8+ {[%emt 0:04:02]} Kf7 {[%emt 0:00:30]} 38. Rd7+ {[%emt 0:00:30]} Kf8 {[%emt 0:00:00]} 39. Ree7 {[%emt 0:02:13]} Nd3+ {[%emt 0:00:40]} 40. Kd1 {[%emt 0:01:02]} Nb2+ {[%emt 0:01:00]} 41. Kc1 {[%emt 0:00:27]} Nd3+ {[%emt 0:00:39]} 42. Kb1 {[%emt 0:00:22]} Nc5 {[%emt 0:00:34]} 43. Rf7+ {[%emt 0:00:42]} Ke8 {[%emt 0:00:05]} 44. Rde7+ {[%emt 0:00:00]} Kd8 {[%emt 0:00:30]} 45. Rxg7 {[%emt 0:00:10]} Rh1+ {[%emt 0:00:55]} 46. Kc2 {[%emt 0:00:30]} Rh2+ {[%emt 0:00:30]} 47. Kc3 {[%emt 0:00:00]} Rh3+ {[%emt 0:00:17]} 48. Kc4 {[%emt 0:00:00]} Nxb3 {[%emt 0:00:09]} 49. f6 {[%emt 0:01:05]} Na5+ {[%emt 0:00:26]} 50. Kd5 {[%emt 0:00:33]} Rxa3 {[%emt 0:01:19]} 51. Rg8# {[%emt 0:00:08]} 1-0

[Event "Turkish Women-ch Arzum 2022"]
[Site "Ayvalik"]
[Date "2022.03.09"]
[Round "6.23"]
[White "Aydogan, Arya"]
[Black "Sahin, Cagla Yudum"]
[Result "1/2-1/2"]
[WhiteElo "1328"]
[BlackElo "1162"]
[Annotator "NA RC"]
[PlyCount "74"]
[EventDate "2022.03.04"]
[EventType "swiss"]
[EventCountry "TUR"]
[SourceTitle "playchess.com"]
[Source "ChessBase"]
[SourceQuality "1"]
[TimeControl "5400+30"]

1. e4 e5 2. Nf3 Nc6 3. Nc3 Nf6 4. Bb5 Nd4 5. Bc4 Bc5 {[%emt 0:02:00]} 6. d3 {[%emt 0:10:30]} d6 {[%emt 0:00:30]} 7. h3 {[%emt 0:01:30]} c6 {[%emt 0:02:30]} 8. a4 {[%emt 0:05:30]} O-O {[%emt 0:04:30]} 9. O-O {[%emt 0:03:30]} h6 {[%emt 0:02:30]} 10. Ba2 {[%emt 0:16:30]} Be6 {[%emt 0:01:30]} 11. Be3 {[%emt 0:02:30]} Qb6 {[%emt 0:05:30]} 12. Rb1 {[%emt 0:08:30]} a5 {[%emt 0:06:30]} 13. Bxe6 {[%emt 0:05:30]} Nxe6 {[%emt 0:00:30]} 14. Bxc5 {[%emt 0:02:30]} Qxc5 {[%emt 0:01:30]} 15. Re1 {[%emt 0:05:30]} Nh5 {[%emt 0:07:30]} 16. Qd2 {[%emt 0:06:30]} Nhf4 {[%emt 0:03:30]} 17. Qe3 {[%emt 0:03:30]} Rfe8 {[%emt 0:07:30]} 18. Kh2 {[%emt 0:06:30]} Rad8 {[%emt 0:04:30]} 19. g3 {[%emt 0:02:45]} Ng6 {[%emt 0:01:30]} 20. h4 {[%emt 0:02:11]} Nd4 {[%emt 0:03:30]} 21. Rbc1 {[%emt 0:04:12]} Re6 {[%emt 0:06:30]} 22. Nd1 {[%emt 0:06:24]} Qb4 {[%emt 0:10:30]} 23. Nxd4 {[%emt 0:00:56]} exd4 {[%emt 0:00:30]} 24. Qe2 {[%emt 0:00:19]} Qxa4 {[%emt 0:00:30]} 25. f4 {[%emt 0:02:14]} Ree8 {[%emt 0:04:30]} 26. b3 {[%emt 0:01:25]} Qb5 {[%emt 0:01:30]} 27. Nf2 {[%emt 0:00:34]} Ne7 {[%emt 0:01:30]} 28. Qf3 {[%emt 0:01:01]} Qb4 {[%emt 0:04:10]} 29. g4 {[%emt 0:01:01]} Qc3 {[%emt 0:03:16]} 30. g5 {[%emt 0:01:04]} Kh7 {[%emt 0:02:01]} 31. f5 {[%emt 0:01:06]} Qc5 {[%emt 0:03:54]} 32. Rg1 {[%emt 0:01:12]} Qe5+ {[%emt 0:00:35]} 33. Kg2 {[%emt 0:00:24]} Rh8 {[%emt 0:01:47]} 34. Ng4 {[%emt 0:00:15]} Qc5 {[%emt 0:00:03]} 35. Qf4 {[%emt 0:01:09]} h5 {[%emt 0:01:34]} 36. Nf2 {[%emt 0:00:47]} Qe5 {[%emt 0:00:12]} 37. Qf3 {[%emt 0:00:00]} g6 {[%emt 0:00:16]} 1/2-1/2

[Event "Turkish Women-ch Arzum 2022"]
[Site "Ayvalik"]
[Date "2022.03.09"]
[Round "6.24"]
[White "Oztatar, Meleknaz"]
[Black "Engin, Cagla"]
[Result "1/2-1/2"]
[WhiteElo "1063"]
[BlackElo "1436"]
[Annotator "NA RC"]
[PlyCount "60"]
[EventDate "2022.03.04"]
[EventType "swiss"]
[EventCountry "TUR"]
[SourceTitle "playchess.com"]
[Source "ChessBase"]
[SourceQuality "1"]
[TimeControl "5400+30"]

1. d4 d6 2. c4 g6 3. Nc3 Bg7 4. Nf3 Nf6 5. Bg5 Nbd7 6. e3 O-O 7. Bd3 {[%emt 0:06:00]} c6 {[%emt 0:07:00]} 8. O-O {[%emt 0:02:30]} h6 {[%emt 0:02:30]} 9. Bh4 {[%emt 0:01:30]} g5 {[%emt 0:03:30]} 10. Bg3 {[%emt 0:01:30]} Nh5 {[%emt 0:00:30]} 11. Qc2 {[%emt 0:00:30]} e5 {[%emt 0:10:30]} 12. Rfd1 {[%emt 0:07:30]} Qe7 {[%emt 0:02:30]} 13. a3 {[%emt 0:07:30]} Nxg3 {[%emt 0:01:30]} 14. hxg3 {[%emt 0:00:30]} Nf6 {[%emt 0:00:00]} 15. d5 {[%emt 0:04:30]} cxd5 {[%emt 0:02:00]} 16. cxd5 {[%emt 0:00:30]} Bg4 {[%emt 0:01:30]} 17. e4 {[%emt 0:02:30]} Rac8 {[%emt 0:01:30]} 18. Qd2 {[%emt 0:01:30]} Nd7 {[%emt 0:01:30]} 19. b4 {[%emt 0:05:30]} Nb6 {[%emt 0:01:30]} 20. Rdc1 {[%emt 0:03:30]} f5 {[%emt 0:06:30]} 21. Nh2 {[%emt 0:09:30]} fxe4 {[%emt 0:01:30]} 22. Bxe4 {[%emt 0:02:30]} Bf5 {[%emt 0:02:30]} 23. Nf1 {[%emt 0:04:30]} Nc4 {[%emt 0:07:30]} 24. Qe2 {[%emt 0:02:30]} Nb6 {[%emt 0:05:30]} 25. Ne3 {[%emt 0:01:30]} Bxe4 {[%emt 0:00:30]} 26. Nxe4 {[%emt 0:00:30]} Rc7 {[%emt 0:01:30]} 27. g4 {[%emt 0:02:30]} Rfc8 {[%emt 0:03:30]} 28. Rxc7 {[%emt 0:00:30]} Qxc7 {[%emt 0:00:30]} 29. Rd1 {[%emt 0:02:30]} Na4 {[%emt 0:01:30]} 30. Nf5 {[%emt 0:02:30]} Bf8 {[%emt 0:01:30]} 1/2-1/2